Normal view
MARC view
- Studies -Greek-latin
Entry Topical Term
001 - CONTROL NUMBER
- control field: 5500
003 - CONTROL NUMBER IDENTIFIER
- control field: JO-AjAnu
005 - DATE AND TIME OF LATEST TRANSACTION
- control field: 20230606071207.0
008 - FIXED-LENGTH DATA ELEMENTS
- fixed length control field: 230606|| aca||aabn | a|a d
040 ## - CATALOGING SOURCE
- Original cataloging agency: JO-AjAnu
- Transcribing agency: JO-AjAnu
150 ## - HEADING--TOPICAL TERM
- Topical term or geographic name entry element: Studies -Greek-latin
670 ## - SOURCE DATA FOUND
- Source citation: Work cat.: (JO-AjAnu)2841: Litt. D , A. W Verrall ؛ Edited M.A Bayfled , J. D .Duff, M. A, author 5499, Collected Studies in Greek and Latin Scholarship